000 00783nam a22002171i 4500
001 bimo0001441361
003 OSt
005 20150313105410.0
008 981210s1956 mx spa
040 _cBMC
082 _a823
100 1 _aShakespeare, William
_d1564-1616
_968
245 1 0 _aComedias
_b: El mercader de Venecia; Como gustéis; Noche de reyes; La tempestad
_cShakespeare ; estudio preliminar por Ezequiel Martínez Estrada ; traducciones de Jaime Clark, revisadas
260 _aBuenos Aires [etc.]
_bW.M. Jackson
_c1956
300 _aXLVI, 368 p., 1 h.
_c21 cm
490 0 _aClásicos Jackson
_v16
650 2 4 _911162
_aNovela inglesa
700 1 _aMartínez Estrada, Ezequiel
_931799
_d1895-1964
700 1 _aClark, Jaime
_932623
942 _2ddc
_cBK
_hahoj
999 _c19537
_d19537